Welcome to the Holygrace Academy Library

Please use search bar below to get started

THE SANDS OF TIME (Record no. 3462)

MARC details
000 -LEADER
fixed length control field 00598nam a22001457a 4500
020 ## - INTERNATIONAL STANDARD BOOK NUMBER
ISBN 978-81-7223-480-5
082 ## - DEWEY DECIMAL CLASSIFICATION NUMBER
Classification number 823
Item number SHE/S
100 ## - MAIN ENTRY--AUTHOR NAME
Personal name SHELDON,SIDNEY
245 ## - TITLE STATEMENT
Title THE SANDS OF TIME
260 ## - PUBLICATION, DISTRIBUTION, ETC. (IMPRINT)
Place of publication LONDON
Name of publisher HARPER COLLINS
300 ## - PHYSICAL DESCRIPTION
Number of Pages 365
520 ## - SUMMARY, ETC.
Summary, etc The Sands of Time is a 1988 action novel by author Sidney Sheldon. The novel follows the adventures of four women who are forced to leave their Spanish convent for the outside world of threat, violence and passions; and two men who are pitted against each other in a fight to the death.
650 ## - SUBJECT ADDED ENTRY--TOPICAL TERM
Topical Term ENGLISH NOVEL
Geographic subdivision LONDON
942 ## - ADDED ENTRY ELEMENTS (KOHA)
Koha item type Books
Holdings
Withdrawn status Lost status Collection code Home library Current library Shelving location Date acquired Source of acquisition Full call number Accession Number Koha item type
    Fiction Main Library Main Library SHELF 2-J-ENGLISH NOVELS FOR TEACHERS 06/07/2013 PURCHASE 823 SHE/S 07507 Books